One Piece par la lettre W - Statistiques

Statistiques générales
  • Ce quiz a été pris 153 fois
  • Le résultat moyen est 6 sur 8
Statistiques - réponses
Indice Réponse % Correct
Ile d'Oden Wano
96%
Antagoniste sur Drum Wapol
96%
Ile de Franky Water Seven
93%
Personnage important sur Skypiea Wiper
78%
Tobiroppo Who's who
75%
Minks Wanda
73%
Membre de l'équipage de Vander Decken Wadatsumi
55%
Antagoniste dans le train jusqu'à Enies Lobby Wanze
48%
Aucun quiz correspondant
Distribution des résultats
% des personnes avec chaque résultat
Percentile par nombre de réponses
Votre historique - résultats
Vous n’avez pas pris ce quiz